El sentido de la libertad en un mundo globalizado /

El artículo es una reflexión sobre los alcances de la libertad como eje articulador del quehacer social. El autor se inscribe en la visión hayekiana de la libertad personal, a partir de los factores que la constituyen. Especial atención merece en el análisis la vinculación de la libertad con la resp...

Descripción completa

Detalles Bibliográficos
Autor principal: Jaraquemada, Jorge
Formato: Analitica de revista
Lenguaje:español

MARC

LEADER 00000cab a2200000 a 4500
001 042062
003 UAHC_CL
005 20170803124643.0
008 051129b xx j 000 1 spa
040 |a UAHC_CL  |c UAHC_CL  |d UAHC_CL 
100 1 |a Jaraquemada, Jorge 
245 1 3 |a El sentido de la libertad en un mundo globalizado /  |c Jorge Jaraquemada. 
300 |a p. 73-94 
520 |a El artículo es una reflexión sobre los alcances de la libertad como eje articulador del quehacer social. El autor se inscribe en la visión hayekiana de la libertad personal, a partir de los factores que la constituyen. Especial atención merece en el análisis la vinculación de la libertad con la responsabilidad, así como la democracia, siendo ésta un medio o un método para dirimir la competencia política y en tal sentido un resguardo de la libertad política. En una segunda parte, el autor trata acerca de la sociedad civil autónoma es una herramienta eficaz para combatir y superar la pobreza. La expansión de la relación libertad y mercado es llevada también al ámbito empresarial donde se hace la diferenciación entre empresariado tradicional y empresariado de mercado. Termina señalando que el desarrollo constituye un imperativo moral el que se logra a partir de la creatividad del individuo. A su vez radica en esto a uno de los desafíos centrales de la globalización. 
520 |a El artículo es una reflexión sobre los alcances de la libertad como eje articulador del quehacer social. El autor se inscribe en la visión hayekiana de la libertad personal, a partir de los factores que la constituyen. Especial atención merece en el análisis la vinculación de la libertad con la responsabilidad, así como la democracia, siendo ésta un medio o un método para dirimir la competencia política y en tal sentido un resguardo de la libertad política. En una segunda parte, el autor trata acerca de la sociedad civil autónoma es una herramienta eficaz para combatir y superar la pobreza. La expansión de la relación libertad y mercado es llevada también al ámbito empresarial donde se hace la diferenciación entre empresariado tradicional y empresariado de mercado. Termina señalando que el desarrollo constituye un imperativo moral el que se logra a partir de la creatividad del individuo. A su vez radica en esto a uno de los desafíos centrales de la globalización. 
759 |a PP149 
773 0 |t Revista geográfica de Chile Terra Australis  |w 040489 
900 |a REVISTA ENFOQUES-04/05 
942 |c REVA 
952 |0 0  |1 0  |4 0  |6 REVISTA_ENFOQUES04_05_000000000000000  |7 0  |8 General  |9 78695  |a BC  |b BC  |c General  |d 2017-08-03  |l 0  |o REVISTA ENFOQUES-04/05  |p FICTICIO7441  |r 2019-01-08 00:00:00  |t 1  |w 2017-08-03  |y REVA 
999 |c 42062  |d 42062